[Event "Netanya-A"]
[Site "Netanya"]
[Date "1973.??.??"]
[Round "5"]
[White "Tatai, Stefano"]
[Black "Kaldor, Avraham"]
[Result "0-1"]
[WhiteElo "2460"]
[BlackElo "2200"]

1.d4 Nf6 2.c4 e6 3.Nf3 d5 4.Nc3 Bb4 5.cxd5 Nxd5 6.Bd2 O-O 7.e4 Nxc3 8.bxc3 Be7
9.Bc4 b6 10.Qe2 Nc6 11.O-O Na5 12.Bd3 c5 13.Rad1 Bb7 14.Bf4 cxd4 15.cxd4 Bf6
16.d5 exd5 17.exd5 g6 18.Ba6 Re8 19.Qd3 Bxa6 20.Qxa6 Re4 21.Bg3 Qd7 22.Qd3 Rae8
23.Rc1 Bd8 24.Nd2 Re2 25.Bf4 Qg4 26.g3 Nb7 27.Be3 Qh5 28.h3 Nc5 29.Bxc5 bxc5
30.g4 Qh4 31.Kg2 R8e3 32.Qxe3 Rxe3 33.fxe3 Qg5 34.Nf3 Qxd5 35.Rcd1 Qa8 36.e4 Bf6
37.Rd5 Qc6 38.g5 Be7 39.Ne5 Qa4 40.Nxf7 Qxe4+  0-1

[Event "Netanya-A"]
[Site "Netanya"]
[Date "1973.??.??"]
[Round "5"]
[White "Romm, Meir"]
[Black "Pachman, Ludek"]
[Result "0-1"]
[WhiteElo "2200"]
[BlackElo "2510"]

1.e4 c5 2.Nf3 e6 3.d4 cxd4 4.Nxd4 a6 5.Bd3 Ne7 6.c4 Nbc6 7.Nc2 Qc7 8.f4 Ng6
9.O-O Be7 10.Nc3 d6 11.Be3 O-O 12.Qh5 Re8 13.Rf3 Nf8 14.Rg3 g6 15.c5 dxc5
16.e5 Kh8 17.Qh6 f5 18.exf6 Bxf6 19.Bxc5 Ne7 20.Ba3 Nf5 21.Bxf5 Bg7 22.Qh4 exf5
23.Ne1 Be6 24.Rd1 Rad8 25.Rgd3 Rxd3 26.Rxd3 Bc4 27.Rd2 Qxf4 28.Qxf4 Rxe1+
29.Kf2 Rf1+ 30.Ke3 Rxf4 31.Kxf4 Bh6+ 32.Ke5 Bxd2 33.Bxf8 Kg8 34.Bc5 Kf7 35.a3 Bc1
36.Nd1 Bb3 37.Ne3 Bxb2+ 38.Kd6 b6 39.Bxb6 Bxa3+ 40.Ke5 Bb4  0-1

[Event "Netanya-A"]
[Site "Netanya"]
[Date "1973.??.??"]
[Round "5"]
[White "Kraidman, Yair"]
[Black "Damjanovic, Mato"]
[Result "1-0"]
[WhiteElo "2455"]
[BlackElo "2465"]

1.d4 Nf6 2.c4 c5 3.d5 b5 4.cxb5 a6 5.bxa6 Bxa6 6.Nc3 d6 7.Nf3 g6 8.Nd2 Bg7
9.e4 Bxf1 10.Nxf1 Qa5 11.Nd2 Nfd7 12.Qc2 Qa6 13.a4 O-O 14.Nb5 Qb7 15.Nc4 Na6
16.O-O Nb4 17.Qb3 f5 18.Bg5 Ne5 19.Nxe5 Bxe5 20.Bd2 fxe4 21.Bxb4 cxb4 22.Qxb4 Rf4
23.g3 Qd7 24.Qd2 Qh3 25.Ra3 Rf3 26.Qc2 Rc8 27.Qe2 Rf5 28.f4 exf3 29.Raxf3 Qg4
30.b3 Rf6 31.Kg2 Qb4 32.Na7 Rc3 33.Nc6 Qxb3 34.Nxe7+ Kg7 35.Rxf6 Bxf6 36.Qg4 Bxe7
37.Qe6 Rc2+ 38.Kh1 Rc7 39.Rf7+ Kh8 40.Kg2 Qc2+ 41.Kh3 Qd1 42.Rxe7 Qf1+ 43.Kh4 Qc1
44.Qf6+  1-0

[Event "Netanya-A"]
[Site "Netanya"]
[Date "1973.??.??"]
[Round "5"]
[White "Kavalek, Lubomir"]
[Black "Friedman, Shmuel"]
[Result "1-0"]
[WhiteElo "2565"]
[BlackElo "2200"]

1.Nf3 g6 2.e4 c5 3.d4 cxd4 4.Qxd4 Nf6 5.Bb5 Nc6 6.Qa4 a6 7.O-O Rb8 8.Bxc6 bxc6
9.e5 Nd5 10.Qh4 Bg7 11.c4 Nc7 12.Bh6 Ne6 13.Bxg7 Nxg7 14.b3 Nf5 15.Qf4 Bb7
16.Nc3 c5 17.Rad1 Bxf3 18.Qxf3 O-O 19.Rd3 d6 20.Re1 Nd4 21.Qd1 Rb7 22.exd6 exd6
23.Nd5 Kg7 24.h3 Re8 25.f4 Rxe1+ 26.Qxe1 Rb8 27.Re3 Rb7 28.Re8 Qd7 29.Re7 Qc8
30.Qh4 Rxe7 31.Qf6+ Kh6 32.Nxe7 Qb8 33.Qxf7 Qh8 34.Ng8+ Kh5 35.Nf6+ Kh4 36.Kh2 Nf5
37.Qe6  1-0

[Event "Netanya-A"]
[Site "Netanya"]
[Date "1973.??.??"]
[Round "5"]
[White "Domnitz, Zadok"]
[Black "Czerniak, Moshe"]
[Result "1-0"]
[WhiteElo "2350"]
[BlackElo "2370"]

1.e4 g6 2.d4 Bg7 3.Nc3 c6 4.Bc4 d6 5.Nf3 Nf6 6.Bb3 O-O 7.Bg5 Bg4 8.h3 Bxf3
9.Qxf3 Nbd7 10.O-O Qa5 11.Be3 c5 12.Ne2 cxd4 13.Bxd4 Nc5 14.Nc3 Nfd7 15.Bxg7 Kxg7
16.Qg3 Nf6 17.Rae1 Nxb3 18.axb3 e5 19.Qg5 h6 20.b4 hxg5 21.bxa5 Rac8 22.f3 Rc5
23.Ra1 Rfc8 24.Rfd1 R8c6 25.Kf2 Kf8 26.Ra3 Ke7 27.Ke3 Kd7 28.Rb3 Kc8 29.Nb5 Kd7
30.Nxa7 Rc7 31.Rb6 Ke7 32.Nb5 Rd7 33.c3 d5 34.b4 Rc4 35.exd5 Nxd5+ 36.Rxd5 Rxd5
37.Rxb7+ Kd8 38.a6 Kc8 39.Rxf7 Rxb5 40.a7 Rxc3+ 41.Ke4 Ra3 42.Rf8+ Kd7 43.Rb8 Rxb4+
44.Rxb4 Rxa7 45.Rb6 Ra2 46.g4 Re2+ 47.Kd3 Rh2 48.Rxg6 Rxh3 49.Ke4 Rh1 50.Rxg5 Re1+
51.Kd5 Re3 52.Rf5 e4 53.fxe4 Ke7 54.Ke5 Re1 55.Rf2 Rg1 56.Rf4 Ra1 57.Kf5 Kf7
58.e5 Rb1 59.e6+ Ke7 60.Re4 Rb8 61.Kg6 Rb1 62.g5 Rb8 63.Kh6 Rh8+ 64.Kg7 Rh2
65.g6 Rh1 66.Kg8 Rh2 67.Re1 Rh3 68.Rf1 Rh2 69.Rf7+ Ke8 70.Rh7  1-0

[Event "Netanya-A"]
[Site "Netanya"]
[Date "1973.??.??"]
[Round "5"]
[White "Camara, Helder"]
[Black "Peretz, Malkiel"]
[Result "1/2-1/2"]
[WhiteElo "2405"]
[BlackElo "2365"]

1.Nf3 c5 2.e3 Nf6 3.d4 g6 4.c3 cxd4 5.cxd4 Bg7 6.Nc3 O-O 7.Bd3 d5 8.O-O Nc6
9.Bd2 Bf5 10.Bb5 Ne4 11.Rc1 Rc8 12.Na4 Qd6 13.a3 Nxd2 14.Qxd2 b6 15.b4 Bd7
16.Nc3 a5 17.Na4 Nxd4 18.Nxd4 Bxd4 19.Rxc8 Rxc8 20.Bxd7 Qxd7 21.Qxd4 Qxa4
22.Qxb6 Qxa3 23.Qxa5 Qb3 24.Qb6 Qb2 25.h3 Rc4 26.Qd8+ Kg7 27.Qxe7 Rxb4 28.Rd1 Rb6
29.Qc5 Rf6 30.e4 Qe2 31.Rb1 Qxe4 32.Rd1 d4 33.Qxd4 Qxd4 34.Rxd4 Ra6 35.h4 h5
36.g3 Rb6 37.Kg2 Ra6 38.Kf3 Rf6+ 39.Rf4  1/2-1/2

[Event "Netanya-A"]
[Site "Netanya"]
[Date "1973.??.??"]
[Round "5"]
[White "Yanofsky, Daniel Abraham"]
[Black "Saidy, Anthony Fred"]
[Result "0-1"]
[WhiteElo "2460"]
[BlackElo "2425"]

1.d4 Nf6 2.c4 g6 3.Nc3 d5 4.cxd5 Nxd5 5.e4 Nxc3 6.bxc3 Bg7 7.Bc4 c5 8.Ne2 Nc6
9.Be3 O-O 10.O-O cxd4 11.cxd4 Bg4 12.f3 Na5 13.Bd3 Be6 14.Qa4 a6 15.Rad1 b5
16.Qc2 Nc4 17.Bf2 Rc8 18.Qb1 Qa5 19.d5 Bd7 20.Bxc4 Rxc4 21.Nd4 Rfc8 22.Nb3 Qa3
23.Rd3 Qd6 24.Bg3 Qb4 25.d6 Rc2 26.e5 exd6 27.Rxd6 Bf5 28.Qd1 Rxa2 29.Qd5 Qc4
30.Nd4 Qxd5 31.Rxd5 Bd3 32.Rd1 Bf8 33.e6 Bc4 34.exf7+ Kxf7 35.Rd7+ Kg8 36.Be5 Re8
37.f4 b4 38.Rc1 b3 39.Rb1 Rd2 40.h3 Rxe5 41.fxe5 Rxd4 42.Rc7 Bd5 43.Kf2 Rd2+  0-1

[Event "Netanya-A"]
[Site "Netanya"]
[Date "1973.??.??"]
[Round "6"]
[White "Saidy, Anthony Fred"]
[Black "Romm, Meir"]
[Result "1-0"]
[WhiteElo "2425"]
[BlackElo "2200"]

1.c4 g6 2.d4 Bg7 3.Nc3 c5 4.d5 d6 5.e4 Nf6 6.Nf3 O-O 7.Be2 Bg4 8.h3 Bxf3
9.Bxf3 Na6 10.O-O Nc7 11.Bf4 Nd7 12.Qd2 Re8 13.Rfd1 Rb8 14.Be2 a6 15.a4 Rf8
16.Be3 Ne8 17.f4 Qa5 18.Kh1 Rd8 19.Qc2 Kh8 20.g3 Nef6 21.Kg2 Qc7 22.Bd3 Rde8
23.Re1 e6 24.Bd2 exd5 25.exd5 Ng8 26.a5 Rxe1 27.Bxe1 f5 28.Bd2 Ndf6 29.Nd1 Re8
30.Nf2 Qd7 31.Rh1 Nh6 32.b3 Kg8 33.Qd1 Ne4 34.Bxe4 fxe4 35.Re1 e3 36.Rxe3 Rxe3
37.Bxe3 Nf5 38.Bd2 Qe7 39.Qf3 h5 40.Qd3 Qf6 41.g4 Nd4 42.Be3 hxg4 43.hxg4 Kf8
44.Bxd4 cxd4 45.Nh3 Ke7 46.Kg3 Kd7 47.Ng5 Bh6 48.Ne6 g5 49.Qh7+ Ke8 50.Qg8+ Kd7
51.fxg5 Qe5+ 52.Kh3 Qe3+ 53.Kh4  1-0

[Event "Netanya-A"]
[Site "Netanya"]
[Date "1973.??.??"]
[Round "6"]
[White "Camara, Helder"]
[Black "Porath, Yosef"]
[Result "0-1"]
[WhiteElo "2405"]
[BlackElo "2340"]

1.d4 d5 2.Nf3 Nf6 3.e3 Bf5 4.c4 c6 5.Nc3 e6 6.Be2 Nbd7 7.O-O Bd6 8.b3 O-O
9.Bb2 h6 10.h3 Qe7 11.Re1 Rad8 12.Bd3 Ne4 13.Qc2 Nxc3 14.Bxc3 Bxd3 15.Qxd3 f5
16.a3 g5 17.Bb4 Kg7 18.Bxd6 Qxd6 19.c5 Qe7 20.g3 Qf6 21.Ra2 g4 22.hxg4 fxg4
23.Nh4 e5 24.b4 e4 25.Qe2 h5 26.a4 Rf7 27.b5 Nf8 28.Kg2 Ng6 29.Rh1 Qf3+ 30.Kg1 Qxe2
31.Rxe2 Nxh4 32.Rxh4 Kg6 33.Rb2 cxb5 34.axb5 b6 35.cxb6 axb6 36.Kg2 Rc8 37.Rh1 Ra7
38.Rhb1 Ra5 39.Kf1 Kg5 40.Ke2 Ra7 41.Rd2 h4 42.gxh4+ Kxh4 43.Rh1+ Kg5 44.Rb2 Rac7
45.Kf1 Rc1+ 46.Kg2 Rxh1 47.Kxh1 g3 48.Kg2 gxf2 49.Kxf2 Rc3 50.Ra2 Kg4 51.Rb2 Ra3  0-1

[Event "Netanya-A"]
[Site "Netanya"]
[Date "1973.??.??"]
[Round "6"]
[White "Friedman, Shmuel"]
[Black "Kraidman, Yair"]
[Result "1/2-1/2"]
[WhiteElo "2200"]
[BlackElo "2455"]

1.e4 c5 2.Nf3 d6 3.d4 cxd4 4.Nxd4 Nf6 5.Nc3 a6 6.g3 e5 7.Nb3 Be7 8.Bg2 O-O
9.h3 Be6 10.O-O b5 11.Be3 Nbd7 12.Nd5 Bxd5 13.exd5 Rc8 14.a4 b4 15.Qd3 Qc7
16.Qxa6 Nb8 17.Qb5 Qxc2 18.Na5 Qxb2 19.Rac1 Rc3 20.Qb7 Nbd7 21.Nc6 Bd8 22.a5 Rxe3
23.fxe3 Qa3 24.Rfe1 b3 25.Ra1 Qb2 26.Rab1 Qc3 27.Qxb3 Bxa5 28.Qxc3 Bxc3 29.Red1 e4
30.Rb3 Be5 31.Nxe5 Nxe5 32.Rd4 Rc8 33.Rdb4 Rc1+ 34.Kh2 g6 35.g4 Rc2 36.Kg3 Nd3
37.Rxe4 Ne1 38.Bh1 Nxe4+ 39.Bxe4 Rc4 40.Bh1 Nc2 41.Bf3 Kg7 42.Kf2 Rb4 43.Rc3 Rb2
44.Kg3 Kf6 45.Be4 Nb4 46.Rc8 Na6 47.h4 h6 48.Bf3 Nc5 49.Rc6 Ke5 50.Rc7 Rb7
51.Rc8 Ne4+ 52.Bxe4 Kxe4 53.Re8+ Kxd5 54.Kf3 Rb1 55.Re7 Rf1+ 56.Ke2 Rh1 57.g5 Rxh4
58.gxh6 Rxh6 59.Rxf7 Rh5 60.Re7 Re5 61.Rg7 Re6 62.Ra7 Rf6 63.Ra5+ Ke6 64.Rg5 Kf7
65.e4 Kg7 66.Rg1 Re6 67.Kf3 Kf6 68.Rd1 g5 69.Rd5 Kg6 70.Rd1 Kg7 71.Rd5 Kh6
72.Rd1 Rg6 73.Kg4 Rf6 74.Rd5 Re6 75.Rxg5  1/2-1/2

[Event "Netanya-A"]
[Site "Netanya"]
[Date "1973.??.??"]
[Round "6"]
[White "Reshevsky, Samuel Herman"]
[Black "Yanofsky, Daniel Abraham"]
[Result "1/2-1/2"]
[WhiteElo "2565"]
[BlackElo "2460"]

1.Nf3 g6 2.g3 Bg7 3.Bg2 c5 4.O-O Nc6 5.e4 e5 6.c3 Nge7 7.d3 O-O 8.a4 d6 9.Nbd2 h6
10.Rb1 a5 11.Nc4 Be6 12.Nfd2 f5 13.f4 exf4 14.Rxf4 d5 15.exd5 Bxd5 16.Bxd5+ Nxd5
17.Rf2 Re8 18.Qb3 Rb8 19.Nf3 Kh7 20.Bd2  1/2-1/2

[Event "Netanya-A"]
[Site "Netanya"]
[Date "1973.??.??"]
[Round "6"]
[White "Damjanovic, Mato"]
[Black "Tatai, Stefano"]
[Result "1-0"]
[WhiteElo "2465"]
[BlackElo "2460"]

1.b3 e5 2.Bb2 Nc6 3.c4 Nf6 4.Nf3 d6 5.g3 Bg4 6.Bg2 Qd7 7.h3 Bh5 8.d3 Be7
9.Nbd2 h6 10.a3 a5 11.Ne4 Nxe4 12.dxe4 Bxf3 13.Bxf3 Bf6 14.Bg4 Qe7 15.e3 g6
16.Bc3 O-O 17.Be2 Bg7 18.h4 h5 19.g4 Bf6 20.gxh5 Bxh4 21.Bf3 Kg7 22.Ke2 g5
23.Bg4 Kh6 24.Rh3 Nd8 25.Qg1 Ne6 26.Qg2 Rg8 27.Kd3 Ng7 28.Kc2 Nxh5 29.Rah1 Rg6
30.Bf5 Rgg8 31.Qg4 a4 32.b4 Rad8 33.f4 f6 34.Be1 Qf7 35.Be6 Qh7 36.f5  1-0

[Event "Netanya-A"]
[Site "Netanya"]
[Date "1973.??.??"]
[Round "6"]
[White "Kaldor, Avraham"]
[Black "Domnitz, Zadok"]
[Result "0-1"]
[WhiteElo "2200"]
[BlackElo "2350"]

1.c4 Nf6 2.Nc3 g6 3.g3 Bg7 4.Bg2 O-O 5.Nf3 d6 6.d4 Nc6 7.O-O a6 8.h3 Nd7
9.e4 Na5 10.Qe2 c5 11.Be3 Nc6 12.Rad1 Qa5 13.Qd2 cxd4 14.Nxd4 Nde5 15.Qe2 Nxd4
16.Bxd4 Be6 17.b3 b5 18.cxb5 axb5 19.f4 Nc6 20.Bxg7 Kxg7 21.Qb2 Bd7 22.e5 b4
23.Na4 Qa7+ 24.Kh2 dxe5 25.fxe5 Kg8 26.Rxd7 Qxd7 27.Nb6 Qe6 28.Bd5 Qxe5 29.Qxe5 Rxa2+
30.Kg1 Nxe5 31.Re1 e6  0-1

[Event "Netanya-A"]
[Site "Netanya"]
[Date "1973.??.??"]
[Round "6"]
[White "Peretz, Malkiel"]
[Black "Czerniak, Moshe"]
[Result "0-1"]
[WhiteElo "2365"]
[BlackElo "2370"]

1.e4 g6 2.d4 Bg7 3.Nc3 c6 4.Bc4 d6 5.Nf3 Nf6 6.e5 dxe5 7.Nxe5 O-O 8.O-O Nbd7
9.Qe2 Nb6 10.Bb3 Qxd4 11.Rd1 Qc5 12.Nd3 Qh5 13.Qxe7 Nbd5 14.Bxd5 Nxd5 15.Qe1 Nxc3
16.bxc3 Bxc3 17.Qxc3 Qxd1+ 18.Ne1 Qh5 19.Ba3 c5 20.Bxc5 Re8 21.Nd3 Bd7 22.Ba3 Rac8
23.Qd4 Qf5 24.h3 Re4 25.Qd6 Qe6 26.Qg3 b6 27.f3 Re2 28.Nf4 Qe3+ 29.Kh2 Rexc2
30.Nd5 Qxa3 31.Nf6+ Kh8 32.Nxd7 Qb2 33.Rg1 f6 34.Qd6 Re8 35.f4 Rd2 36.Qc6 Qd4
37.Nxf6 Qxf4+ 38.Kh1 Rf8 39.Ng4 Rd6 40.Qc7 h5 41.Nh2 Rd1 42.Qc3+ Qd4 43.Qxd4+ Rxd4
44.Nf3 Ra4 45.Rc1 Kg7 46.Rc2 Rf5 47.Kh2 Rfa5 48.h4 Rxa2 49.Rc7+ Kf6 50.Rc6+ Kf7
51.Ng5+ Rxg5 52.hxg5 b5 53.Rf6+ Kg7 54.Rc6 Rf2 55.Ra6 Rf7 56.Kg3 b4  0-1

[Event "Netanya-A"]
[Site "Netanya"]
[Date "1973.??.??"]
[Round "7"]
[White "Czerniak, Moshe"]
[Black "Kaldor, Avraham"]
[Result "1-0"]
[WhiteElo "2370"]
[BlackElo "2200"]

1.e4 Nf6 2.e5 Nd5 3.d4 d6 4.Nf3 Bg4 5.h3 Bxf3 6.Qxf3 dxe5 7.dxe5 e6 8.Qe4 Nd7
9.Bc4 c6 10.O-O Qc7 11.Re1 O-O-O 12.a3 Ne7 13.Nd2 Nf5 14.b4 Nb6 15.Bd3 Be7
16.Nf3 Rd7 17.g4 Nh6 18.a4 Nd5 19.Bd2 Ng8 20.b5 c5 21.a5 Qb8 22.c4 Nb4 23.Bf1 h5
24.Bxb4 cxb4 25.Nd4 hxg4 26.a6 gxh3 27.axb7+ Qxb7 28.Nc6 Bc5 29.Red1 Ne7
30.Be2 Nf5 31.Rxd7 Kxd7 32.Bf3 Kc7 33.Qd3 h2+ 34.Kh1 Bxf2 35.Nxb4 Qb6 36.c5 Bxc5
37.Na6+ Kc8 38.Qc4 Rh4 39.Qc3 Ng3+ 40.Kg2 h1=Q+ 41.Rxh1 Nxh1 42.Nxc5 Qxb5
43.Ne4+ Kb8 44.Qa3 Rh8 45.Qd6+ Kc8 46.Qd4 Qb6 47.Nc5 Qd8 48.Qb4 Qc7 49.Qb5 g5
50.Bc6 a5 51.Be4 Ng3 52.Na6 Qa7 53.Qc6+ Kd8 54.Qd6+ Kc8 55.Qc6+ Kd8 56.Nc5 Qc7
57.Nb7+ Kc8 58.Nd6+ Kd8 59.Qa8+ Kd7 60.Qxh8 Qxd6 61.exd6 Nxe4 62.Qg7 Nxd6
63.Qxg5 Ne8 64.Qb5+ Ke7 65.Qc5+ Kf6 66.Qxa5 Ng7 67.Kf3 Nf5 68.Kf4 Ng7 69.Qd8+  1-0

[Event "Netanya-A"]
[Site "Netanya"]
[Date "1973.??.??"]
[Round "7"]
[White "Domnitz, Zadok"]
[Black "Damjanovic, Mato"]
[Result "1-0"]
[WhiteElo "2350"]
[BlackElo "2465"]

1.e4 c5 2.Nf3 e6 3.d4 cxd4 4.Nxd4 a6 5.Nc3 Ne7 6.Be2 Nbc6 7.Be3 b5 8.O-O Nxd4
9.Bxd4 Nc6 10.Be3 Be7 11.f4 d6 12.a3 O-O 13.Bd3 Bd7 14.Qe1 Qc7 15.Qg3 Kh8
16.Qh3 g6 17.f5 Bf6 18.Bh6 Ne5 19.fxg6 fxg6 20.Bxf8 Rxf8 21.Kh1 Kg7 22.Rad1 Qc5
23.Ne2 h5 24.b4 Qc8 25.Nf4 Be7 26.Qe3 Nc6 27.Qd2 Ne5 28.h3 Qc7 29.Qe3 Kh7
30.Ne2 Rc8 31.Ng1 Be8 32.Nf3 Nxf3 33.Rxf3 e5 34.Rdf1 Kg7 35.Qc1 Qd8 36.Qe3 Qd7
37.Qb6 Rc6 38.Qf2 Rc7 39.Qg3 Qe6 40.Qf2 Qd7 41.Qe1 Qc8 42.Qa1 Qe6 43.a4 bxa4
44.c4 Rb7 45.b5 axb5 46.cxb5 Ra7 47.Rc1 Bd8 48.Bc4 Qe7 49.Rcf1 Bb6 50.Bd5 Qc7
51.Rf8 Bd4 52.Qe1 Bxb5 53.Qh4 Qe7 54.Rg8+ Kh7 55.Rf6 Be8 56.Rgf8 a3 57.Qg5 a2
58.Rh8+ Kg7 59.Rxg6+ Bxg6 60.Rg8+  1-0

[Event "Netanya-A"]
[Site "Netanya"]
[Date "1973.??.??"]
[Round "7"]
[White "Kavalek, Lubomir"]
[Black "Saidy, Anthony Fred"]
[Result "1-0"]
[WhiteElo "2565"]
[BlackElo "2425"]

1.e4 c5 2.Nf3 Nc6 3.d4 cxd4 4.Nxd4 Nf6 5.Nc3 d6 6.Bg5 e6 7.Qd2 Be7 8.O-O-O O-O
9.Nb3 a6 10.Bxf6 Bxf6 11.Qxd6 Bxc3 12.bxc3 Qf6 13.Qg3 e5 14.Bc4 Be6 15.Bxe6 Qxe6
16.Rd5 Rac8 17.Rhd1 Rc7 18.Kb2 Qe7 19.Qe3 Rfc8 20.Qc5 f6 21.Rd6 Kf8 22.Qd5 Na7
23.Re6 Qf7 24.Qd8+  1-0

[Event "Netanya-A"]
[Site "Netanya"]
[Date "1973.??.??"]
[Round "7"]
[White "Peretz, Malkiel"]
[Black "Porath, Yosef"]
[Result "1-0"]
[WhiteElo "2365"]
[BlackElo "2340"]

1.d4 Nf6 2.c4 c5 3.d5 b5 4.cxb5 a6 5.bxa6 e6 6.Nc3 Nxd5 7.Nxd5 exd5 8.Qxd5 Nc6
9.e3 Be7 10.Bd2 O-O 11.Nf3 Qb6 12.Qb3 Nb4 13.Bxb4 cxb4 14.Bd3 Bxa6 15.O-O Bb7
16.Be2 Ra5 17.Rfd1 Bc6 18.Rd4 Ba4 19.Qc4 Rc5 20.Qa6 Qxa6 21.Bxa6 Ra8 22.Bd3 Rc7
23.Kf1 Bb3 24.Ne5 d5 25.Bb5 Bxa2 26.Nd3 g6 27.Rc1 Rxc1+ 28.Nxc1 Ra5 29.Nxa2 Rxb5
30.Ke2 f5 31.Nc1 Kf7 32.f3 Bf6 33.Rd2 Ke6 34.Nb3 Rb6 35.Rc2 Kd6 36.Kd3 Be5
37.h3 Ra6 38.Nd4 Ra1 39.Rc6+ Kd7 40.Rb6 Rd1+ 41.Kc2 Bxd4 42.Rb7+ Kc6 43.Kxd1 Kxb7
44.exd4 f4 45.b3 Kc6 46.Ke2 Kd6 47.Kf2 Ke6 48.Ke2 Kf5 49.Kf1 Kg5 50.Ke2 Kh4
51.Kf2 g5 52.Kf1 h5 53.Kg1 Kg3 54.Kf1 g4 55.hxg4 hxg4 56.fxg4 Kxg4 57.Kf2 Kg5
58.Ke2 Kg6 59.Kf2 Kf6 60.g4 fxg3+  1-0

[Event "Netanya-A"]
[Site "Netanya"]
[Date "1973.??.??"]
[Round "7"]
[White "Tatai, Stefano"]
[Black "Friedman, Shmuel"]
[Result "1/2-1/2"]
[WhiteElo "2460"]
[BlackElo "2200"]

1.d4 Nf6 2.c4 g6 3.Nc3 Bg7 4.e4 d6 5.Be2 O-O 6.Bg5 c5 7.d5 h6 8.Be3 e6 9.h3 exd5
10.exd5 Re8 11.Bd3 Na6 12.Nf3 Nc7 13.a4 Na6 14.O-O Nb4 15.Bb1 b6 16.Qc1 Kh7
17.Bf4 Bf8 18.Bh2 Ba6 19.Qf4 Qe7  1/2-1/2

[Event "Netanya-A"]
[Site "Netanya"]
[Date "1973.??.??"]
[Round "7"]
[White "Yanofsky, Daniel Abraham"]
[Black "Camara, Helder"]
[Result "1-0"]
[WhiteElo "2460"]
[BlackElo "2405"]

1.e4 e5 2.Nf3 Qe7 3.Nc3 c6 4.Bc4 g6 5.d4 d6 6.dxe5 dxe5 7.Bg5 Nf6 8.h3 Bg7
9.O-O O-O 10.Qd2 Nbd7 11.Rad1 Nb6 12.Bb3 Be6 13.Qd6 Qxd6 14.Rxd6 Bxb3 15.axb3 Ne8
16.Rd3 Nc7 17.Ra1 f5 18.Be7 Rfe8 19.Bc5 Ne6 20.b4 Nc8 21.Rd7 b6 22.Be3 f4
23.Bd2 b5 24.Ne2 Rd8 25.Rxd8+ Nxd8 26.Bc3 Nf7 27.Nc1 Ncd6 28.Nd3 Nxe4 29.Bxe5 Neg5
30.Bxf4 Nxf3+ 31.gxf3 Bd4 32.Be3 Ne5 33.Bxd4 Nxf3+ 34.Kg2 Nxd4 35.c3 Nf5
36.Ne5 Rc8 37.Rxa7 c5 38.bxc5 Rxc5 39.Nd7 Rc6 40.Rb7 Rd6 41.Nc5 Rd2 42.Rxb5 Ne3+
43.Kg3 Nd1 44.Rb8+ Kf7 45.Rb7+ Kf8 46.Na4 h6 47.f3 Nf2 48.Rh7 Nh1+ 49.Kf4 Rg2
50.b4 Kg8 51.Ra7 Nf2 52.b5  1-0

[Event "Netanya-A"]
[Site "Netanya"]
[Date "1973.??.??"]
[Round "8"]
[White "Saidy, Anthony Fred"]
[Black "Kraidman, Yair"]
[Result "1-0"]
[WhiteElo "2425"]
[BlackElo "2455"]

1.c4 Nf6 2.Nc3 g6 3.g3 Bg7 4.Bg2 O-O 5.d4 d6 6.Nf3 Nc6 7.O-O Bg4 8.d5 Bxf3
9.exf3 Nb8 10.Re1 c6 11.Bd2 Nbd7 12.f4 cxd5 13.cxd5 Rc8 14.Qf3 Nc5 15.Bh3 Nfd7
16.b4 Na6 17.a3 Nc7 18.Rac1 f5 19.Bg2 Nb6 20.Qd3 Ne8 21.Nb5 Rxc1 22.Rxc1 a6
23.Nd4 Nc7 24.Be3 Nba8 25.Ne6 Nxe6 26.dxe6 Qb8 27.Qd5 b5 28.Qc6 Bb2 29.Rc2 Bf6
30.Qxa6 d5 31.Ba7 Qd8 32.Qxb5 d4 33.Qd7 Kg7 34.Bb7 Nb6 35.Qxd8 Rxd8 36.Bxb6 d3
37.Rd2  1-0

[Event "Netanya-A"]
[Site "Netanya"]
[Date "1973.??.??"]
[Round "8"]
[White "Reshevsky, Samuel Herman"]
[Black "Kavalek, Lubomir"]
[Result "1/2-1/2"]
[WhiteElo "2565"]
[BlackElo "2565"]

1.Nf3 g6 2.d4 Nf6 3.c4 Bg7 4.Nc3 O-O 5.e4 d6 6.Be2 e5 7.Be3 Qe7 8.dxe5 dxe5
9.Nd5 Nxd5 10.cxd5 c6 11.O-O cxd5 12.exd5 e4 13.Nd4 a6 14.Qb3 Nd7 15.Rfd1 Be5
16.Rd2 Bd6 17.g3 Ne5  1/2-1/2

[Event "Netanya-A"]
[Site "Netanya"]
[Date "1973.??.??"]
[Round "8"]
[White "Friedman, Shmuel"]
[Black "Domnitz, Zadok"]
[Result "1/2-1/2"]
[WhiteElo "2200"]
[BlackElo "2350"]

1.c4 Nf6 2.Nc3 g6 3.g3 Bg7 4.Bg2 O-O 5.Nf3 d6 6.O-O Nc6 7.d4 e5 8.h3 exd4
9.Nxd4 Nxd4 10.Qxd4 Be6 11.Qd3 Nd7 12.b3 Nc5 13.Qd2 c6 14.Bb2 a5 15.Nd1 Qe7
16.Bxg7 Kxg7 17.Ne3 f5 18.Rad1 Rfd8 19.Kh2 Bg8 20.Qc2 Qe5 21.Rd2  1/2-1/2

[Event "Netanya-A"]
[Site "Netanya"]
[Date "1973.??.??"]
[Round "8"]
[White "Damjanovic, Mato"]
[Black "Czerniak, Moshe"]
[Result "1-0"]
[WhiteElo "2465"]
[BlackElo "2370"]

1.b3 d5 2.Bb2 Nf6 3.Nf3 Bf5 4.c4 e6 5.g3 Nbd7 6.Bg2 h6 7.O-O Be7 8.d3 O-O
9.Nbd2 c6 10.a3 a5 11.Bc3 b5 12.Nd4 Qb6 13.Nxf5 exf5 14.cxd5 Nxd5 15.Bb2 Bf6
16.Qc2 Rac8 17.Rac1 Bxb2 18.Qxb2 N7f6 19.b4 axb4 20.axb4 Qd8 21.Nf3 Qd6 22.Nd4 g6
23.Rb1 Rfe8 24.Rfc1 Nd7 25.Qd2 Kg7 26.e4 N5f6 27.Qc3 fxe4 28.dxe4 Kh7 29.Rd1 Qf8
30.Nb3 Qe7 31.Rbc1 Nb6 32.Nc5 Red8 33.f3 Rxd1+ 34.Rxd1 Rd8 35.Rxd8 Qxd8 36.Bf1 Ne8
37.Nb7 Qd7 38.Na5 Na4 39.Qxc6 Qd4+ 40.Kg2 Qd2+ 41.Kh3 Nd6 42.Nb7 Qf2 43.Nxd6 Qxf1+
44.Kg4 h5+ 45.Kf4 Qe1 46.Nxf7 Qd2+ 47.Ke5 Qxb4 48.Nd6 Qb2+ 49.Ke6 Qb3+ 50.Ke7 Qxf3
51.Qxb5 Nc3 52.Qe5 Ne2 53.Ke8 Qc3 54.Qxc3 Nxc3 55.Kf7 h4 56.e5 Kh6 57.e6 Nd5
58.Ne4 hxg3 59.hxg3 Nc7 60.e7 Kh5 61.Nf2  1-0

[Event "Netanya-A"]
[Site "Netanya"]
[Date "1973.??.??"]
[Round "8"]
[White "Camara, Helder"]
[Black "Romm, Meir"]
[Result "0-1"]
[WhiteElo "2405"]
[BlackElo "2200"]

1.e4 c5 2.Nf3 g6 3.d4 cxd4 4.Nxd4 Bg7 5.Nc3 Nc6 6.Be3 Nf6 7.Bc4 Qa5 8.O-O O-O
9.Bb3 d6 10.h3 Bd7 11.f4 a6 12.Qf3 Qc7 13.Nxc6 Bxc6 14.Rae1 b5 15.a3 e6 16.Bd4 Qb7
17.Qe2 a5 18.f5 e5 19.fxg6 exd4 20.Rxf6 Bxf6 21.Nd5 Bxd5 22.Bxd5 Qe7 23.Qh5 hxg6
24.Qxg6+ Bg7 25.Rf1 Ra7 26.Rf4 Qe5 27.Rg4 d3 28.cxd3 Rc8 29.Qh6 Kf8  0-1

[Event "Netanya-A"]
[Site "Netanya"]
[Date "1973.??.??"]
[Round "8"]
[White "Porath, Yosef"]
[Black "Yanofsky, Daniel Abraham"]
[Result "1/2-1/2"]
[WhiteElo "2340"]
[BlackElo "2460"]

1.d4 Nf6 2.c4 c5 3.Nf3 g6 4.Nc3 Bg7 5.e4 O-O 6.Be2 d6 7.O-O Bg4 8.d5 Na6
9.h3 Bd7 10.e5 dxe5 11.Nxe5 Bf5 12.g4 Bc8 13.Be3 Nxd5 14.Qxd5 Qxd5 15.Nxd5 Bxe5
16.Nxe7+ Kg7 17.Bf3 Rb8 18.Nxc8 Rfxc8 19.Rad1 Rc7  1/2-1/2

[Event "Netanya-A"]
[Site "Netanya"]
[Date "1973.??.??"]
[Round "8"]
[White "Peretz, Malkiel"]
[Black "Kaldor, Avraham"]
[Result "1-0"]
[WhiteElo "2365"]
[BlackElo "2200"]

1.e4 g6 2.d4 Bg7 3.Nc3 d6 4.f4 Nf6 5.Nf3 c5 6.e5 Nfd7 7.exd6 O-O 8.Be2 exd6
9.O-O cxd4 10.Nb5 Nf6 11.Nbxd4 Nc6 12.Kh1 Ne4 13.c3 Bg4 14.Be3 Re8 15.Bg1 Qa5
16.f5 Re7 17.Nd2 Bxd4 18.Bxg4 Bxg1 19.Nxe4 Rxe4 20.Bf3 Re5 21.fxg6 hxg6 22.Rxg1 Qc7
23.Rf1 Ne7 24.Qb3 d5 25.Rae1 Kg7 26.Qd1 Rh8 27.h3 Nf5 28.Rxe5 Qxe5 29.Re1 Qg3
30.Bg4 Nh4 31.Qd4+ Kh7 32.Re2 Rd8 33.Qf2 Qxf2 34.Rxf2 f5 35.Be2 f4 36.Rxf4 Nf5
37.Bd3 Nd6 38.Kh2 Kh6 39.Rh4+ Kg5 40.Rg4+ Kf6 41.Rxg6+  1-0

[Event "Netanya-A"]
[Site "Netanya"]
[Date "1973.??.??"]
[Round "9"]
[White "Kaldor, Avraham"]
[Black "Damjanovic, Mato"]
[Result "0-1"]
[WhiteElo "2200"]
[BlackElo "2465"]

1.e4 c5 2.Nc3 Nc6 3.f4 d6 4.Nf3 e6 5.g3 Be7 6.Bg2 Nf6 7.d3 a6 8.O-O O-O 9.Kh1 Ne8
10.a3 Nc7 11.d4 cxd4 12.Nxd4 Nxd4 13.Qxd4 Bd7 14.a4 Bc6 15.Be3 d5 16.Rfd1 Qc8
17.Qd3 dxe4 18.Nxe4 Nd5 19.Bd4 f5 20.Nc3 Rd8 21.Nxd5 Bxd5 22.c3 Bf6 23.Qe2 Bxd4
24.Rxd4 Bxg2+ 25.Kxg2 Rxd4 26.cxd4 Qc6+ 27.Kg1 Rd8 28.Rd1 Rd6 29.b3 h6 30.Qd3 Kh8
31.Rd2 Qd7 32.Kg2 Kh7 33.g4 g6 34.gxf5 gxf5 35.Qf3 Qg7+ 36.Kh3 Rc6 37.Rg2 Qxd4
38.Rg3 Qf6 39.Qh5 Rc8 40.Qf3 Rc7 41.Qe3 Qf7 42.Qe2 b5 43.axb5 axb5 44.Re3 Rc6
45.Rg3 b4 46.Qf3 Rc3 47.Qd1 Qb7 48.Qh5 Rxg3+ 49.Kxg3 Qg7+ 50.Kf2 Qb2+ 51.Kg1 Qc1+
52.Kg2 Qd2+ 53.Kg3 Qe3+ 54.Kg2 Kg7 55.Qe8 Qe2+ 56.Kg1 Qg4+ 57.Kh1 Qxf4 58.Qe7+ Kg6
59.Qxe6+ Kg5 60.Qg8+ Kh4 61.Qd8+ Kg4 62.Qg8+ Kf3 63.Qg2+ Ke3 64.Qg1+ Ke2  0-1

[Event "Netanya-A"]
[Site "Netanya"]
[Date "1973.??.??"]
[Round "9"]
[White "Romm, Meir"]
[Black "Porath, Yosef"]
[Result "1/2-1/2"]
[WhiteElo "2200"]
[BlackElo "2340"]

1.e4 e6 2.d4 d5 3.Nc3 Nf6 4.Bg5 dxe4 5.Nxe4 Nbd7 6.Nf3 Be7 7.Ng3 c5 8.Bd3 b6
9.Qe2 Bb7 10.Rd1 cxd4 11.Nxd4 O-O 12.O-O Nc5 13.Bb5 Qc7 14.b4 a6 15.Bc4 Nce4
16.Nxe4 Nxe4 17.Nxe6 fxe6 18.Bxe6+ Kh8 19.Rd7 Qxd7 20.Bxd7 Bxg5 21.f3 Nc3
22.Qe6 Rad8 23.a3 Bd5 24.Qg4 Bf6 25.Re1 b5 26.Bf5 Bg8 27.Bd3 Rfe8 28.Rxe8 Rxe8
29.Kf1 Re6 30.Bxh7 Nd5 31.Qh3 Nf4 32.Bxg8+ Nxh3 33.Bxe6 Nf4 34.Bc8 Nd5 35.Bxa6 Nc7
36.Bb7 Bb2 37.Ke2 Bxa3 38.c3 Bc1 39.Kd3 Bf4 40.g3 Bd6 41.Bc6 Kg8 42.c4 Bxb4
43.cxb5 Bc5 44.Ke4 Kf7 45.f4 Kf6 46.h4 g6 47.Kf3 Ne6 48.Bd7 Nd4+ 49.Ke4 Nf5
50.Bxf5 gxf5+ 51.Kf3 Kg6 52.g4 Bb6 53.h5+ Kh6 54.gxf5 Kxh5 55.Ke4 Kh6 56.Ke5 Kg7
57.Ke6 Kf8  1/2-1/2